Escolas de governo : (Record no. 1013)

MARC details
000 -LÍDER
Campo Fixo de Controle 00845nam a2200253 a 4500
001 - NÚMERO DE CONTROLE
Campo de Controle 1013
003 - IDENTIFICAÇÃO DO NÚMERO DE CONTROLE
Campo de Controle BR-CuiBMT
005 - DATA E HORA DA ÚLTIMA ATUALIZAÇÃO
Campo de Controle 20231125213754.0
008 - DADOS FIXOS
Dados Fixos 231125s2020 spba 000 0 por d
020 ## - INTERNATIONAL STANDARD BOOK NUMBER
Nº do ISBN 9786589434016
040 ## - AGÊNCIA CATALOGADORA
Código da Agência Catalogadora BR-CuiBMT
Agência que transcreveu o registro BR-CuiBMT
080 ## - Nº DA CLASSIFICAÇÃO DECIMAL UNIVERSAL
Nº edição CDU 2007
Nº Class. CDU 35.078
090 ## - NÚMERO DE CHAMADA
Nº classificação 35.078
Cutter E74
245 00 - TÍTULO PRINCIPAL
Título principal Escolas de governo :
Subtítulo formação e capacitação de agentes públicos /
Indicação de responsabilidade Fernando de Souza Coelho, [organizadores ... et al.]
260 ## - PUBLICAÇÃO, DISTRIBUIÇÃO, ETC.
Local de publicação São Paulo :
Editora Oficina Municipal,
-- Fundação Konrad Adenauer,
Data 2020.
300 ## - DESCRIÇÃO FÍSICA
N. páginas ou volumes 358 p. :
Ilustrações il. ;
Dimensões 23 cm
504 ## - NOTA DE BIBLIOGRAFIA, ETC.
Nota de bibliografia Inclui bibliografia.
650 ## - ASSUNTO TÓPICO
Cabeçalho tópico ou nome geográfico Agentes públicos municipais
650 ## - ASSUNTO TÓPICO
Cabeçalho tópico ou nome geográfico Servidores públicos
700 1# - ENTRADA SECUNDÁRIA -- NOME PESSOAL
Nome pessoal Carneiro, José Mário Brasiliense
Cód. do termo explicativo org.
700 1# - ENTRADA SECUNDÁRIA -- NOME PESSOAL
Nome pessoal Brito, Eder dos Santos
Cód. do termo explicativo org.
700 1# - ENTRADA SECUNDÁRIA -- NOME PESSOAL
Nome pessoal Cheib, Arthur
Cód. do termo explicativo org.
942 ## - ELEMENTOS DE ENTRADA ADICIONAIS (KOHA)
Fonte de classificação ou esquema de arquivamento Classificação Decimal Universal
Tipo de item do Koha Livros
Holdings
Estado: removido Estado: perdido Fonte de classificação ou esquema de arquivamento Estado: danificado Indisponível para empréstimo Localização permanente Localização atual Data de aquisição Total Checkouts Número de Chamada completo Código de barras Date last seen Número do exemplar Preço efetivo a partir de Tipo de item (Koha)
    Classificação Decimal Universal     Biblioteca da Escola Superior de Contas do TCE/MT Biblioteca da Escola Superior de Contas do TCE/MT 25/11/2023   35.078 E74 BIBTCEMT23111098 25/11/2023 Ex. 1 25/11/2023 Livros

Powered by Koha